| 000 | 00911cam a2200145ua 4500 | ||
|---|---|---|---|
| 041 |
_aeng _h |
||
| 082 |
_a532.573 _bIND/SP |
||
| 110 | 1 |
_aIndian standards institution . _bISI _c() |
|
| 245 |
_aSpecification for surface floats,IS:3911-1966 / _cIndian standards institution. _hTextual Documents |
||
| 260 |
_aNew Delhi : _bIndian standards institution , _c1967. |
||
| 300 | _a8 ; . | ||
| 504 | _a | ||
| 942 | _cBK | ||
| 999 |
_c4607 _d4607 |
||